UBT Library

Physics for scientists and engineers : (Record no. 42545)

000 -LEADER
fixed length control field 01003cam a2200289 a 4500
001 - CONTROL NUMBER
control field 14905500
005 - DATE AND TIME OF LATEST TRANSACTION
control field 20180215031230.0
008 - FIXED-LENGTH DATA ELEMENTS--GENERAL INFORMATION
fixed length control field 070627s2008 caua 001 0 eng
010 ## - LIBRARY OF CONGRESS CONTROL NUMBER
LC control number 2007026996
015 ## - NATIONAL BIBLIOGRAPHY NUMBER
National bibliography number GBA958431
Source bnb
016 7# - NATIONAL BIBLIOGRAPHIC AGENCY CONTROL NUMBER
Record control number 014651527
Source Uk
020 ## - INTERNATIONAL STANDARD BOOK NUMBER
International Standard Book Number 9780805327366 (forsale copy)
020 ## - INTERNATIONAL STANDARD BOOK NUMBER
International Standard Book Number 0805327363 (forsale copy)
020 ## - INTERNATIONAL STANDARD BOOK NUMBER
International Standard Book Number 9780321517227 (professional copy)
020 ## - INTERNATIONAL STANDARD BOOK NUMBER
International Standard Book Number 0321517229 (professional copy)
035 ## - SYSTEM CONTROL NUMBER
System control number (OCoLC)ocn148732206
040 ## - CATALOGING SOURCE
Original cataloging agency DLC
Transcribing agency DLC
Modifying agency YDX
-- BTCTA
-- BAKER
-- YDXCP
-- NTE
-- GA0
-- OCLCQ
-- UKM
-- DLC
041 ## - LANGUAGE CODE
Language code of text/sound track or separate title eng
080 ## - UNIVERSAL DECIMAL CLASSIFICATION NUMBER
Universal Decimal Classification number 530
082 00 - DEWEY DECIMAL CLASSIFICATION NUMBER
Classification number 530 KNI
Edition number 22
100 1# - Rafti
Rafti 43
101 ## - Shkurtesa
Shkurtesa FIZ
245 10 - TITLE STATEMENT
Title Physics for scientists and engineers :
Statement of responsibility, etc Randall D. Knight.
906 ## - LOCAL DATA ELEMENT F, LDF (RLIN)
a 7
b cbc
c orignew
d 1
e ecip
f 20
g y-gencatlg
942 ## - ADDED ENTRY ELEMENTS (KOHA)
Source of classification or shelving scheme
Item type Books
Holdings
Withdrawn status Lost status Source of classification or shelving scheme Damaged status Not for loan Collection code Permanent location Current location Shelving location Date acquired Total Checkouts Full call number Barcode Date last seen Price effective from Koha item type
          Koleksioni i përgjithshem UBT - Lipjan UBT - Lipjan Koleksioni i përgjithshem 02/15/2018   530 KNI 002-2997328 02/15/2018 02/15/2018 Books
UBT Library © 2015-2024. All rights reserved University Education for Business and Technology